000 00765cab a2200253 4500
001 ABS53785
008 090401t1995 xxu||||| |||| 00| 0 eng d
035 _a(Sirsi) u6588
041 _aeng
100 _aFife, G.
245 _aTermination of leases
260 _c1995
350 _a0
490 _aEstates Gazette
_v(9541) 14 October 1995, 134-135(2)
520 _aConsiders the effects on a sublease when the headlease comes to an end; depending on how the headlease is terminated. Refers to decisions made in "Pennell v Payne" (ABS52532).
650 _aHEADLEASES
650 _aLEASES
650 _aPENNELL V PAYNE
650 _aSUBLEASES
650 _aTERMINATION
690 _aPROPERTY-LANDLORD AND TENANT
942 _n0
948 _c04/03/1997
999 _c3937
_d3937